Statistiques concernant Les coéquipiers de Roberto Firmino à Liverpool

Cliquez ici pour prendre le quiz!

Statistiques générales

  • Ce quiz a été pris 60 fois
  • Le résultat moyen est 34 sur 83

Statistiques - réponses

SaisonsNationalitéJoueurNombre de matchsPoste% Correct
2016-2022SénégalSadio Mané223A
100%
2017-2023EgypteMohamed Salah244A
98%
2017-2023Pays-BasVirgil van Dijk181D
98%
2018-2023BrésilAlisson183G
96%
2017-2023EcosseAndrew Robertson221D
96%
2016-2023AngleterreTrent Alexander-Arnold224D
96%
2015-2023AngleterreJordan Henderson239M
93%
2018-2023BrésilFabinho166M
89%
2016-2023CamerounJoel Matip148D
89%
2015-2023AngleterreJames Milner256M
86%
2015-2017, 2018-2022BelgiqueDivock Origi87A
82%
2022-2023UruguayDarwin Núñez17A
81%
2015-2020CroatieDejan Lovren130D
81%
2020-2023PortugalDiogo Jota52A
79%
2016-2021Pays-BasGeorginio Wijnaldum217M
79%
2021-2023FranceIbrahima Konaté30D
79%
2021-2023ColombieLuis Díaz20A
77%
2015-2023AngleterreJoe Gomez137D
75%
2018-2022GuinéeNaby Keïta79M
75%
2015-2019BelgiqueSimon Mignolet94G
74%
2020-2023EspagneThiago Alcántara58M
72%
2015-2018BrésilPhilippe Coutinho80M
70%
2019-2022JaponTakumi Minamino26A
65%
2018-2021SuisseXherdan Shaqiri44M
65%
2015-2018AllemagneEmre Can111M
63%
2020-2023GrèceKonstantinos Tsimikas34D
63%
2016-2018AllemagneLoris Karius48G
63%
2019-2023AngleterreCurtis Jones62M
61%
2015-2019AngleterreDaniel Sturridge55A
61%
2019-2020, 2021-2023AngleterreHarvey Elliott38M
60%
2022-2023Pays-BasCody Gakpo9A
58%
2015-2016FranceMamadou Sakho26D
58%
2020-2023IrlandeCaoimhín Kelleher12G
56%
2015-2020AngleterreAdam Lallana105M
51%
2017-2023AngleterreAlex Oxlade-Chamberlain102M
49%
2015-2019EspagneAlberto Moreno81D
47%
2015-2017BrésilLucas Leiva50M
47%
2019-2023EspagneAdrián21G
46%
2015-2016BelgiqueChristian Benteke27A
44%
2015-2019AngleterreNathaniel Clyne88D
42%
2019-2022Pays de GallesNeco Williams21D
40%
2020-2021AngleterreRhys Williams14D
40%
2015-2016SlovaquieMartin Skrtel19D
37%
2015-2016Côte d'IvoireKolo Touré20D
35%
2015-2016Pays de GallesJoe Allen22M
33%
2020-2021, 2022-2023AngleterreNathaniel Phillips18D
33%
2021-2022AngleterreConor Bradley2D
30%
2022-2023PortugalFábio Carvalho11M
30%
2016-2018EstonieRagnar Klavan44D
26%
2022-2023EspagneStefan Bajcetic11M
26%
2020-2021TurquieOzan Kabak10D
25%
2015-2016AngleterreJordon Ibe22A
19%
2022-2023EcosseCalvin Ramsay2D
16%
2017-2018AngleterreDominic Solanke11A
16%
2022-2023EcosseBen Doak1A
14%
2015-2018AngleterreDanny Ings10A
14%
2022-2023AngleterreBobby Clark1M
12%
2019-2020AlgérieYasser Larouci1D
11%
2016-2018Pays de GallesBen Woodburn3M
9%
2021-2022AngleterreKaide Gordon2A
9%
2015-2016HongrieÁdám Bogdán3G
7%
2015-2016Pays de GallesDanny Ward1G
7%
2015-2016AngleterreJon Flanagan4D
7%
2016-2017SerbieMarko Grujic5M
7%
2019-2020EspagnePedro Chirivella1M
7%
2015-2017AngleterreSheyi Ojo6A
7%
2015-2016Sierra LeoneSteven Caulker3D
7%
2020-2022FranceBilly Koumetio2D
5%
2015-2017AngleterreConnor Randall5D
5%
2018-2019PortugalRafael Camacho2A
5%
2015-2016AngleterreCameron Brannagan2M
4%
2015-2016PortugalJoão Carlos Teixeira2M
4%
2015-2017JamaïqueKevin Stewart9M
4%
2022-2023AngleterreLayton Stewart1A
4%
2020-2021AngleterreLeighton Clarkson1M
4%
2016-2017AngleterreOvie Ejaria4M
4%
2021-2022Pays de GallesOwen Beck1D
4%
2021-2022AngleterreTyler Morton2M
4%
2015-2016AustralieBrad Smith3D
2%
2021-2022AngleterreJames Norris1D
2%
2015-2016AngleterreJordan Rossiter1M
2%
2018-2019Pays-BasKi-Jana Hoever1D
2%
2021-2022AllemagneMelkamu Frauendorf1M
2%

Distribution des résultats

Percentile par nombre de réponses

% des personnes avec chaque résultat

Votre développement - résultats

Vous n’avez pas pris ce quiz